|
|
|
|
| LEADER |
00000nam2a2200000 4500 |
| 001 |
410378 |
| 005 |
20231101071322.0 |
| 035 |
|
|
|a (RuTPU)RU\TPU\prd\64296
|
| 090 |
|
|
|a 410378
|
| 100 |
|
|
|a 20090319a20099999k y0rusy50 ca
|
| 101 |
0 |
|
|a rus
|
| 102 |
|
|
|a RU
|
| 200 |
0 |
|
|a Т. 38, № 1
|
| 210 |
|
|
|d 2009
|
| 461 |
|
1 |
|0 (RuTPU)RU\TPU\prd\1711
|x 0544-1269
|t Микроэлектроника
|o научный журнал
|f Российская академия наук (РАН)
|v Т. 38, № 1
|d 1973-2011
|
| 801 |
|
0 |
|a RU
|b 63413507
|c 20010227
|g PSBO
|
| 801 |
|
1 |
|a RU
|b 63413507
|c 20090319
|g PSBO
|
| 801 |
|
2 |
|a RU
|b 63413507
|c 20201215
|g RCR
|
| 942 |
|
|
|c BK
|
| 999 |
|
|
|a НТБ_ТПУ
|b НФ
|e -1/20090110
|p П-6575
|s 4/20080911
|u 971,89
|v 1
|